Most Mentioned Hobbit Characters - Statistics

General Stats
  • This quiz has been taken 64 times
  • The average score is 24 of 48
Answer Stats
Mentions Character % Correct
187 Gandalf
98%
250 Thorin Oakenshield
98%
624 Bilbo Baggins
96%
85 Smaug
87%
19 Bifur
85%
51 Fili
85%
38 Kili
85%
21 Bofur
83%
59 Bombur
81%
69 Balin
79%
57 Bard
79%
23 Gloin
79%
19 Oin
79%
11 Ori
79%
21 Dwalin
75%
14 Nori
75%
81 Gollum
74%
37 Dori
72%
25 Elrond
70%
23 Elvenking
70%
64 Beorn
64%
1 Azog
55%
1 Radagast
51%
16 Thrain
51%
1 Thrain the Old
51%
14 Great Goblin
43%
17 Thror
43%
28 Dain
42%
5 Bolg
40%
21 Tom
40%
34 Master of Lake-town
38%
4 Necromancer
34%
33 William Huggins
30%
4 Belladonna Took
25%
28 Bert
25%
3 Bungo Baggins
23%
6 Durin
23%
7 Old Took
21%
3 Bullroarer Took
17%
10 Girion
9%
1 Golfimbul
9%
12 Lord of the Eagles
8%
3 Nain
6%
6 Roäc
6%
4 Carc
4%
1 Fundin
4%
3 Galion
4%
1 Bladorthin
0%
No matching quizzes found
Score Distribution
Percent of People with Each Score
Percentile by Number Answered
Your Score History
You have not taken this quiz